Santo Tomás de Aquino: su vida, su obra y su época

Guardat en:
Dades bibliogràfiques
Autor principal: Forment Giralt, Eudaldo (Autor)
Format: Llibre
Idioma:espanyol
Publicat: Madrid, España Biblioteca de Autores Cristianos 2009
Edició:Primera edición (tela)
Matèries:
Etiquetes: Afegir etiqueta
Sense etiquetes, Sigues el primer a etiquetar aquest registre!

MARC

LEADER 00000cam a2200000 a 4500
001 UCE8483
003 CL-VaPUC
005 20240711162231.0
008 150806e20090000sp |||||||||||||||||spa|d
999 |c 360329  |d 360327 
020 |a 9788422014386 
040 |c Pontificia Universidad Católica de Valparaíso 
082 0 4 |a 921  |b FOR  |2 21 
100 0 |a Forment Giralt, Eudaldo  |e author  |9 581182 
245 1 0 |a Santo Tomás de Aquino: su vida, su obra y su época 
250 |a Primera edición (tela) 
260 |a Madrid, España   |b Biblioteca de Autores Cristianos  |c 2009 
300 |a 737 p 
583 |a last modification  |c 20150806 12:26:00  |k Rodrigo Vera 
600 0 |a Tomás de Aquino  |d 1220-1274  |c Santo  |9 255832 
650 0 |a Tomismo  |9 259214 
650 0 |a Filosofía medieval  |9 256245 
650 0 |a Biografías  |9 255210 
942 |c BK  |2 ddc 
945 |d 20150806 12:26:00  |a gsalatino 
952 |0 0  |1 0  |3 erb  |4 0  |6 921_000000000000000_FOR_2009  |7 0  |8 A  |9 470056  |a BIBTEO  |b BIBTEO  |i 5192803  |o 921 FOR 2009  |p 5192803  |r 2025-01-17  |w 2019-11-23  |y BK  |z Catalogado en:20150806  |k ICR